000 00906nam a22002297a 4500
005 20240530110535.0
008 160329s2012 ua g b 000 0 ara d
017 _a2011/15176
_bمصر . دار الكتب المصرية
020 _a9789773011684
040 _aEG-CaGPL
082 0 4 _221
_a153.35\
_bخ ك
100 0 _aخالد كمال
245 1 0 _aكيف تكون سويا مبدعا متحدثا :
_bطرق علمية و عملية لتحقيق الاهداف الثلاثة /
_cتاليف خالد كمال
260 _aالقاهرة :
_bهبة النيل العربية للنشر و التوزيع ،
_c2012 .
300 _a200 ص ؛
_c24 سم .
504 _aيشتمل على ارجاعات ببليوجرافية
650 0 4 _aالقدرة الخلاقة
650 0 4 _aالابداع
650 0 4 _aالنبوغ
942 _2ddc
_cBK
999 _c62174
_d62174